LEADER 00881nam a22002531i 4500 001 991003515119707536 005 20030829152032.0 008 031111s1956 uik|||||||||||||||||eng 035 $ab12437372-39ule_inst 035 $aARCHE-047066$9ExL 040 $aDip.to Lingue$bita$cA.t.i. Arché s.c.r.l. Pandora Sicilia s.r.l. 082 04$a821.7 100 1 $aBateson, Frederick Wilse$0131267 245 10$aWordsworth :$ba re-interpretation /$cF. W. Bateson 250 $a2. ed. 260 $aLondon :$bLongmans,$c1956 300 $aXI, 221 p. ;$c22 cm 600 14$aWordsworth, William 907 $a.b12437372$b02-04-14$c13-11-03 912 $a991003515119707536 945 $aLE012 WOR 7$g1$i2012000240964$lle012$o-$pE0.00$q-$rl$s- $t0$u0$v0$w0$x0$y.i12863221$z13-11-03 996 $aWordsworth$9165865 997 $aUNISALENTO 998 $ale012$b13-11-03$cm$da $e-$feng$guik$h0$i1 LEADER 04584nam 2200685Ia 450 001 9910782707003321 005 20231002235304.0 010 $a1-282-85396-1 010 $a9786612853968 010 $a0-7735-6604-X 024 7 $a10.1515/9780773566040 035 $a(CKB)1000000000713808 035 $a(EBL)3331393 035 $a(SSID)ssj0000276722 035 $a(PQKBManifestationID)11229933 035 $a(PQKBTitleCode)TC0000276722 035 $a(PQKBWorkID)10225960 035 $a(PQKB)11560846 035 $a(CaPaEBR)400802 035 $a(Au-PeEL)EBL3331393 035 $a(CaPaEBR)ebr10146975 035 $a(CaONFJC)MIL285396 035 $a(OCoLC)929121787 035 $a(VaAlCD)20.500.12592/g7z771 035 $a(schport)gibson_crkn/2009-12-01/1/400802 035 $a(MiAaPQ)EBC3331393 035 $a(DE-B1597)655522 035 $a(DE-B1597)9780773566040 035 $a(MiAaPQ)EBC3245919 035 $a(EXLCZ)991000000000713808 100 $a19951005d1996 uy 0 101 0 $aeng 135 $aur|n|---||||| 181 $ctxt$2rdacontent 182 $cc$2rdamedia 183 $acr$2rdacarrier 200 10$aAgainst Rousseau $e"On the state of nature" and "On the sovereignty of the people" /$fJoseph de Maistre ; translated and edited by Richard A. Lebrun 210 1$aMontreal ;$aBuffalo :$cMcGill-Queen's University Press,$d1996. 215 $a1 online resource (xxxviii, 204 pages) 300 $aCritical translations of De l'e?tat de nature and De la souverainete? du peuple. 311 0 $a0-7735-1415-5 320 $aIncludes bibliographical references (p. [xxxi]-xxxviii) and index. 327 $a""Contents""; ""Preface""; ""Introduction""; ""Critical Bibliography""; ""A Note on the Text""; ""Abbreviations""; ""On the State of Nature""; ""1 Man Is Sociable in His Essence""; ""2 Man Born Evil in a Part of His Essence""; ""On the Sovereignty of the People""; ""BOOK ONE: ON THE ORIGINS OF SOVEREIGNTY""; ""1 On the Sovereignty of the People""; ""2 The Origin of Society""; ""3 Of Sovereignty in General""; ""4 Of Particular Sovereignties and Nations""; ""5 Examination of Some of Rousseau's Ideas on the Legislator""; ""6 Continuation of the Same Subject"" 327 $a""7 Of Founders and the Political Constitution of Nations""; ""8 The Weakness of Human Power""; ""9 Continuation of the Same Subject""; ""10 Of the National Soul""; ""11 Application of the Preceding Principles to a Particular Case""; ""12 Continuation of the Same Subject""; ""13 Necessary Elucidation""; ""BOOK TWO: ON THE NATURE OF SOVEREIGNTY""; ""1 On the Nature of Sovereignty in General""; ""2 Of Monarchy""; ""3 Of Aristocracy""; ""4 Of Democracy""; ""5 Of the Best Kind of Sovereignty""; ""6 Continuation of the Same Subject"";""7 Summary of Rousseau's Judgements on Different Forms of Governments""; ""Index"" 330 $aOn the State of Nature and On the Sovereignty of the People are Maistre's most comprehensive treatment of Rousseau's ideas and his most sustained critique of the ideological foundations of the revolution. On the State of Nature, a detailed critique of Rousseau's Discourse on the Origin and Foundations of Inequality, focuses on Rousseau's belief in the natural goodness of man; On the Sovereignty of the People, a critique of Social Contract, explores Rousseau's theory of popular sovereignty. In Maistre's eyes Rousseau encouraged the socially destructive individualism that lay at the heart of the French Revolution. However, the essays reveal some surprising ambiguities in the relationship between two seminal thinkers who are usually thought of as polar opposites, suggesting that Maistre's vision was more akin to Rousseau's than he would have admitted. Against Rousseau offers valuable insights into the evolution of Maistre's counter-revolutionary ideas during the crucial years of 1792-97 and illustrates his remarkable insights into society and politics. It is vital to any consideration of his thought or the counter-revolutionary movement in eighteenth-century France. 606 $aSovereignty 606 $aEssentialism (Philosophy) 615 0$aSovereignty. 615 0$aEssentialism (Philosophy) 676 $a320.1/5 700 $aMaistre$b Joseph Marie$ccomte de,$f1753-1821.$0323346 701 $aLebrun$b Richard$01473169 701 $aMaistre$b Joseph Marie$ccomte de,$f1753-1821.$0323346 801 0$bMiAaPQ 801 1$bMiAaPQ 801 2$bMiAaPQ 906 $aBOOK 912 $a9910782707003321 996 $aAgainst Rousseau$93697437 997 $aUNINA LEADER 03604nam 22007091c 450 001 9910785233603321 005 20200115203623.0 010 $a1-4411-0927-7 010 $a1-4742-1125-9 010 $a1-282-87404-7 010 $a9786612874048 010 $a1-4411-3493-X 024 7 $a10.5040/9781474211253 035 $a(CKB)2670000000054918 035 $a(EBL)601767 035 $a(OCoLC)676698006 035 $a(SSID)ssj0000412358 035 $a(PQKBManifestationID)12183340 035 $a(PQKBTitleCode)TC0000412358 035 $a(PQKBWorkID)10383837 035 $a(PQKB)10485778 035 $a(SSID)ssj0000433434 035 $a(PQKBManifestationID)12172396 035 $a(PQKBTitleCode)TC0000433434 035 $a(PQKBWorkID)10394015 035 $a(PQKB)11676115 035 $a(MiAaPQ)EBC601767 035 $a(Au-PeEL)EBL601767 035 $a(CaPaEBR)ebr10427083 035 $a(CaONFJC)MIL287404 035 $a(OCoLC)893335028 035 $a(UtOrBLW)bpp09258454 035 $a(MiAaPQ)EBC6161812 035 $a(EXLCZ)992670000000054918 100 $a20150326d2008 uy 0 101 0 $aeng 135 $aur|n|---||||| 181 $ctxt 182 $cc 183 $acr 200 10$aAusten's Emma $fGregg A. Hecimovich 210 1$aLondon $aNew York $cContinuum $d2008. 215 $a1 online resource (126 p.) 225 1 $aContinuum reader's guides 300 $aIncludes index. 311 $a0-8264-9847-7 311 $a0-8264-9848-5 320 $aIncludes bibliographical references (pages 101-114) and index 327 $a1. Contexts -- 2. Language, Style and Form -- 3. Reading Emma -- 4. Critical Reception and Publishing History -- 5. Adaptation, interpretation and influence -- 6. Guide to Further Reading -- Index 330 $a"Emma is one of Jane Austen's most popular novels, in large part due to the impact of Emma Woodhouse, the "handsome, clever and rich" heroine. This lively, informed and insightful guide to Emma explores the style, structure, themes, critical reputation and literary influence of Jane Austen's classic novel and also discusses its film and TV versions. It includes points for discussion, suggestions for further study and an annotated guide to relevant reading. This introduction to the text is the ideal companion to study, offering guidance on the literary and historical context, reading the text, the critical reception and publishing history, adaptation and interpretation and a guide to further reading."--Bloomsbury Publishing 330 8 $aEmma is one of Jane Austen's most popular novels, in large part due to the impact of Emma Woodhouse, the "handsome, clever and rich" heroine. This lively, informed and insightful guide to Emma explores the style, structure, themes, critical reputation and literary influence of Jane Austen's classic novel and also discusses its film and TV versions. It includes points for discussion, suggestions for further study and an annotated guide to relevant reading. This introduction to the text is the ideal companion to study, offering guidance on the literary and historical context, reading the text, the critical reception and publishing history, adaptation and interpretation and a guide to further reading. 410 0$aContinuum reader's guides. 606 $2Literary studies: c 1800 to c 1900 676 $a823/.7 700 $aHecimovich$b Gregg A.$0476848 801 0$bUtOrBLW 801 1$bUtOrBLW 801 2$bUkLoBP 906 $aBOOK 912 $a9910785233603321 996 $aAusten's Emma$93698166 997 $aUNINA LEADER 06222nam 22005535 450 001 9910349441103321 005 20251113211615.0 010 $a3-030-23265-4 024 7 $a10.1007/978-3-030-23265-8 035 $a(CKB)4100000009522821 035 $a(DE-He213)978-3-030-23265-8 035 $a(MiAaPQ)EBC5945772 035 $a(PPN)258306815 035 $a(MiAaPQ)EBC5945664 035 $a(iGPub)SPNA0062275 035 $a(EXLCZ)994100000009522821 100 $a20191014d2019 u| 0 101 0 $aeng 135 $aurnn|008mamaa 181 $ctxt$2rdacontent 182 $cc$2rdamedia 183 $acr$2rdacarrier 200 10$aAdvances in Plant Breeding Strategies: Industrial and Food Crops $eVolume 6 /$fedited by Jameel M. Al-Khayri, Shri Mohan Jain, Dennis V. Johnson 205 $a1st ed. 2019. 210 1$aCham :$cSpringer International Publishing :$cImprint: Springer,$d2019. 215 $a1 online resource (XV, 744 p. 144 illus., 118 illus. in color.) 311 08$a3-030-23264-6 320 $aIncludes bibliographical references and index. 327 $aPreface -- About the Editors -- Contributors -- Part I. Industrial Crops -- 1. Genetics and Breeding of Tropical Acacias for Forest Products: Acacia mangium, A. auriculiformis and A. crassicarpa; Arif Nirsatmanto, Sri Sunarti -- 2. Cotton (Gossypium hirsutum L.) Breeding Strategies; Saeed Rauf et al -- 3. CRISPR/Cas9: A New Genome Editing Tool to Accelerate Cotton (Gossypium spp.) Breeding; Muhammad N. Sattar et al -- 4. Jute (Corchorus spp.) Breeding; Liwu Zhang et al -- 5. Ramie (Boehmeria nivea L. Gaud) Genetic Improvement; Pratik Satya et al -- 6. Genetic Improvement of Guayule (Parthenium argentatum A. Gray): An Alternative Rubber Crop; Hussein Abdel-Haleem et al -- 7. Biotechnological Advances in Rubber Tree (Hevea brasiliensis Muell. Arg.) Breeding; Sankaran Sobha et al -- 8. Genetics and Breeding of Jojoba [Simmondsia chinensis (Link) Schneider]; Mohamed M.A. Khairi -- 9. Flax (Linum usitatissimum L.) Genomics and Breeding; Frank M. You et al -- 10. Breeding Strategies to Improve Production of Agave (Agave spp.); Kelly M. Monja-Mio et al -- 11. Sugarcane (Saccharum spp.): Breeding and Genomics; Shriram J. Mirajkar et al -- Part II. Food Crops -- 12. Cacao (Theobroma cacao L.) Breeding; Frances Bekele, Wilbert Phillips-Mora -- 13. Oil Palm (Elaeis spp.) Breeding in Malaysia; Fadila Ahmad Malike et al -- 14. Safflower (Carthamus tinctorius L.) Breeding; Pooran Golkar, Somayeh Karimi -- 15. Advances in Sesame (Sesamum indicum L.) Breeding; Swapan K. Tripathy et al -- 16. Breeding Strategies for Sunflower (Helianthus annuus L.) Genetic Improvement; Saeed Rauf -- 17. Saffron (Crocus sativus L.) Breeding: Opportunities and Challenges; Majid Shokrpour -- 18. Vanilla (Vanilla spp.) Breeding; Alan H. Chambers -- Index. . 330 $aPlant breeders and geneticists are under constant pressure to sustain and expand food production by using innovative breeding strategies and introducing minor crops, which are well adapted to marginal lands, provide a source of nutrition, and have abiotic and biotic stress tolerance, to feed an ever-increasing human population. The basic concept of this book is to examine the use of innovative methods augmenting traditional plant breeding towards the improvement and development of new crop varieties, under the increasingly limiting environmental and cultivation factors, to achieve sustainable agricultural production and enhanced food security. In addition to developing improved crops for innovative industrial products such as pharmaceuticals and food additives, biofuels, oils and textiles. Three volumes of this book series were published in 2015, 2016 and 2018, respectively: Volume 1. Breeding, Biotechnology and Molecular Tools; Volume 2. Agronomic, Abiotic and Biotic Stress Traits and Volume 3. Fruits. In 2019, the following four volumes are concurrently being published: Volume 4. Nut and Beverage Crops, Volume 5. Cereals, Volume 6. Industrial and Food Crops and Volume 7. Legumes. This Vol 6, subtitled Industrial and Food Crops, consists of 2 parts. Included in Part I are 11 industrial plant species utilized as sources of raw materials for the production of industrial products including pulp and wood crops (acacia), fiber (cotton, jute and ramie), rubber (guayule and rubber tree), oil (jojoba and flax), biofuels and pharmaceutical (agave) and sugar source (sugarcane). Part II covers 7 food plants selected for their utilization in food industries for the production of chocolate (cacao), cooking oil (oil palm, safflower, sesame and sunflower) and natural flavors and aroma (saffron and vanilla). Chapters are written by 60 internationally reputable scientists from 14 countries and subjected to a review process toassure quality presentation and scientific accuracy. Each chapter begins with an introduction covering related backgrounds and provides in-depth discussion of the subject supported with 138 high quality color figures, and relevant data in 78 tables. The chapter concludes with recommendations for future research directions, appendixes of genetic resources and concerned research institutes and a comprehensive list of pertinent references to facilitate further reading. This book series is a valuable resource for advanced students, researchers, scientists, commercial producers and seed companies as well as consultants and policymakers interested in agriculture, particularly in modern breeding technologies. 606 $aAgriculture 606 $aBotany 606 $aAgriculture 606 $aPlant Science 615 0$aAgriculture. 615 0$aBotany. 615 14$aAgriculture. 615 24$aPlant Science. 676 $a630 702 $aAl-Khayri$b Jameel M$4edt$4http://id.loc.gov/vocabulary/relators/edt 702 $aJain$b Shri Mohan$4edt$4http://id.loc.gov/vocabulary/relators/edt 702 $aJohnson$b Dennis V$4edt$4http://id.loc.gov/vocabulary/relators/edt 801 0$bMiAaPQ 801 1$bMiAaPQ 801 2$bMiAaPQ 906 $aBOOK 912 $a9910349441103321 996 $aAdvances in Plant Breeding Strategies: Industrial and Food Crops$91972559 997 $aUNINA